01702nam a22004097a 4500003000500000005001700005008004100022010001000063011001000073035001000083040000900093090001000102100003700112245014800149260004000297300001000337502007500347590003700422590004100459590004100500590004100541590004100582590004100623590004200664650003500706650003500741650003600776650004200812700004600854901000700900942000900907949004300916949005500959999001701014952013301031952012801164CHAP20220817042950.0971013s1996 r 00010 d a61347 a62319 a66493 cCHAP aTesis00aGuerrero León, Roberto.951225 aElementos de la cadena productiva del subsector bovino productores de carne en México y sus repercuciones con la apertura comercial del TLCAN aChapingo, Méx. :bEl autor,c1996 a75 h. aTesis (Ing. Agr. Esp. en Zootecnia) -- UACH. Departamento de Zootecnia aALEPHb10c20130110lUCH01h1341 aBATCH-UPDb10c20130110lUCH01h0402 aBATCH-UPDb10c20130110lUCH01h2100 aBATCH-UPDb10c20130410lUCH01h0035 aBATCH-UPDb10c20130410lUCH01h1636 aBATCH-UPDb10c20130914lUCH01h0850 aCONVERSIONb10c20130109lUCH01h133314aCarne de resxMercadeo.91921014aGanado vacunoxEngorda.94546114aGanado vacunoxMercadeo.94548114aTratado Trilateral de Libre Comercio.0 aLeón Martínez, José Gabriel.966155 aBK cFOLL bBCcTESd-151702eTS1h29692i66493si bBCcTESd33724000622965eTS2fc.2h29693i66493si c61347d61347 00102local4053708TESISaBCbBCcPA_TESISd2019-12-31fTESISl0p33724000622965r2019-12-31 00:00:00tc.2w2019-12-31yTESIS 00102local4051708TESISaBCbBCcPA_TESISd2019-12-31fTESISl0oTesisp-151702r2019-12-31 00:00:00w2019-12-31yTESIS